[Event "Verbandsliga Nordbaden 1516"]
[Site "Baden"]
[Date "2016.03.20"]
[Round "8.8"]
[White "Stemmler, Tim"]
[Black "Orsolic, Marijan"]
[Result "0-1"]
[WhiteElo "1942"]
[BlackElo "2136"]
[PlyCount "110"]
[EventDate "2015.09.27"]
[EventType "team-tourn"]
[EventRounds "9"]
[EventCountry "GER"]
[SourceTitle "EXT 2022"]
[Source "ChessBase"]
[SourceDate "2021.10.06"]
[SourceVersion "1"]
[SourceVersionDate "2021.10.06"]
[SourceQuality "1"]
[WhiteTeam "Ladenburg"]
[BlackTeam "Ettlingen II"]
[WhiteTeamCountry "GER"]
[BlackTeamCountry "GER"]

1. d4 d6 2. e4 Nf6 3. Nc3 c6 4. Nf3 g6 5. Be2 Bg7 6. 0-0 0-0 7. a4 a5 8. h3 Na6 9. Be3 Nb4 10. Nd2 Qc7 11. Qc1 Bd7 12. f4 Rfb8 13. Bf3 e6 14. g4 d5 15. e5 Ne8 16. Be2 Bf8 17. Nb3 b6 18. Qd2 Qd8 19. Rf3 f5 20. exf6 Nxf6 21. Raf1 Ne4 22. Nxe4 dxe4 23. R3f2 Rc8 24. f5 exf5 25. gxf5 Bxf5 26. Bg4 Bg7 27. Bxf5 gxf5 28. Rxf5 Qh4 29. Qg2 Rf8 30. Bg5 Qh5 31. Bf6 Qg6 32. Qxg6 hxg6 33. R5f4 Nd5 34. Rxe4 Rxf6 35. Rxf6 Nxf6 36. Re6 Rc8 37. c4 Kf7 38. Re2 Bf8 39. c5 bxc5 40. dxc5 Nd7 41. Nxa5 Bxc5+ 42. Kg2 Bb4 43. Nc4 Re8 44. Rc2 Ra8 45. Ne3 c5 46. b3 Ne5 47. Nd5 Rd8 48. Nxb4 cxb4 49. Rc7+ Ke6 50. a5 Rd2+ 51. Kf1 Rb2 52. a6 Rxb3 53. a7 Ra3 54. Rb7 Nc6 55. Rc7 Nxa7 0-1

[Event "CP-2010-Q-00009"]
[Site "LSS email"]
[Date "2012.01.15"]
[Round "?"]
[White "Lehnberger, Karl"]
[Black "Orsolic, Marijan"]
[Result "1/2-1/2"]
[WhiteElo "2092"]
[BlackElo "2111"]
[PlyCount "57"]
[EventDate "2012.01.20"]
[EventType "tourn (corr)"]
[EventRounds "6"]
[EventCountry "GER"]
[SourceTitle "Telechess CBM 153"]
[Source "ChessBase"]
[SourceDate "2013.03.14"]
[SourceVersion "1"]
[SourceVersionDate "2013.03.14"]
[SourceQuality "1"]

1. e4 c5 2. Nf3 d6 3. d4 cxd4 4. Nxd4 Nf6 5. Nc3 a6 6. Bg5 Nbd7 7. Bc4 Qb6 8. Bb3 e6 9. Qd2 Be7 10. 0-0-0 0-0 11. h4 Nc5 12. f3 Qc7 13. g4 b5 14. a3 Rb8 15. Ba2 Na4 16. Nde2 a5 17. Nxa4 bxa4 18. Ng3 h6 19. Be3 d5 20. exd5 Rd8 21. Ne4 Nxd5 22. Bxd5 exd5 23. Qc3 Qb7 24. Nc5 Qb5 25. Bd4 Rb6 26. Nd3 Rc6 27. Qd2 Be6 28. Ne5 Rc7 29. Rh2 1/2-1/2

[Event "CP-2010-Q-00009"]
[Site "LSS email"]
[Date "2012.01.15"]
[Round "?"]
[White "Orsolic, Marijan"]
[Black "Helmer, Janos"]
[Result "1/2-1/2"]
[WhiteElo "2111"]
[BlackElo "2033"]
[PlyCount "40"]
[EventDate "2012.01.20"]
[EventType "tourn (corr)"]
[EventRounds "6"]
[EventCountry "GER"]
[SourceTitle "Telechess CBM 153"]
[Source "ChessBase"]
[SourceDate "2013.03.14"]
[SourceVersion "1"]
[SourceVersionDate "2013.03.14"]
[SourceQuality "1"]

1. Nf3 Nf6 2. c4 c5 3. Nc3 Nc6 4. d4 cxd4 5. Nxd4 e6 6. g3 Qb6 7. Nb3 Ne5 8. e4 Bb4 9. Qe2 d6 10. Bd2 a5 11. f4 Nc6 12. Na4 Qc7 13. Bg2 e5 14. 0-0 Bd7 15. Nc3 Bxc3 16. Bxc3 0-0 17. h3 Rfe8 18. Nd2 h6 19. Kh2 Qb6 20. Qf2 Qc7 1/2-1/2

[Event "CP-2010-Q-00009"]
[Site "LSS email"]
[Date "2012.01.15"]
[Round "?"]
[White "Orsolic, Marijan"]
[Black "Percze, Rajmond"]
[Result "0-1"]
[WhiteElo "2111"]
[BlackElo "2318"]
[PlyCount "50"]
[EventDate "2012.01.20"]
[EventType "tourn (corr)"]
[EventRounds "6"]
[EventCountry "GER"]
[SourceTitle "Telechess CBM 153"]
[Source "ChessBase"]
[SourceDate "2013.03.14"]
[SourceVersion "1"]
[SourceVersionDate "2013.03.14"]
[SourceQuality "1"]

1. Nf3 c5 2. c4 Nc6 3. Nc3 e5 4. e3 Nf6 5. a3 d5 6. cxd5 Nxd5 7. Qc2 Nxc3 8. bxc3 Be6 9. Bd3 c4 10. Be4 Bd6 11. d4 cxd3 12. Qxd3 Na5 13. Rb1 Rc8 14. Qc2 h6 15. 0-0 Qc7 16. Rd1 0-0 17. Bh7+ Kh8 18. Bf5 Bxf5 19. Qxf5 Rfd8 20. Rd5 Nc4 21. e4 Bc5 22. h4 b6 23. Nd2 Rxd5 24. exd5 Nd6 25. Qg4 b5 0-1

[Event "BI-2010-F-00007"]
[Site "LSS email"]
[Date "2011.02.21"]
[Round "?"]
[White "Orsolic, Marijan"]
[Black "Santistevan, Ovidio"]
[Result "0-1"]
[WhiteElo "2136"]
[BlackElo "2048"]
[PlyCount "104"]
[EventDate "2011.02.24"]
[EventType "tourn (corr)"]
[EventRounds "10"]
[EventCountry "GER"]
[SourceTitle "Telechess CBM 157"]
[Source "ChessBase"]
[SourceDate "2013.11.12"]
[SourceVersion "1"]
[SourceVersionDate "2013.11.12"]
[SourceQuality "1"]

1. Nf3 Nf6 2. c4 c6 3. d4 d5 4. Nc3 e6 5. Bg5 h6 6. Bh4 dxc4 7. e4 g5 8. Bg3 b5 9. Be2 Bb7 10. h4 g4 11. Ne5 Nbd7 12. Nxd7 Qxd7 13. Be5 Qe7 14. b3 Rg8 15. 0-0 b4 16. Na4 c3 17. Nc5 Nd7 18. Nxd7 Qxd7 19. a3 c5 20. dxc5 Bxc5 21. axb4 Bb6 22. Bxc3 Qc6 23. Rc1 Rd8 24. Qc2 g3 25. Bf6 gxf2+ 26. Rxf2 Qxc2 27. Rxc2 Bxf2+ 28. Kxf2 Bxe4 29. Bb5+ Kf8 30. Rc7 Rb8 31. g3 Rg6 32. Be7+ Kg8 33. Be2 Rb7 34. Rxb7 Bxb7 35. Bh5 Rg7 36. Bf6 Bd5 37. Bxg7 Kxg7 38. Bd1 Kf6 39. Ke3 Ke5 40. Bh5 f6 41. Bd1 Be4 42. Be2 Bc2 43. Bc4 Kf5 44. Kd2 Bb1 45. Ke3 Kg4 46. Kf2 e5 47. Be2+ Kh3 48. Bf1+ Kh2 49. h5 Bc2 50. Bc4 f5 51. Be6 Kh3 52. b5 Kg4 0-1

[Event "BI-2010-F-00007"]
[Site "LSS email"]
[Date "2011.02.21"]
[Round "?"]
[White "Orsolic, Marijan"]
[Black "Tausnev, Bladimir"]
[Result "1/2-1/2"]
[WhiteElo "2193"]
[BlackElo "1890"]
[PlyCount "53"]
[EventDate "2011.02.24"]
[EventType "tourn (corr)"]
[EventRounds "10"]
[EventCountry "GER"]
[SourceTitle "Corr 2022"]
[Source "ChessBase"]
[SourceDate "2021.10.24"]
[SourceVersion "1"]
[SourceVersionDate "2021.10.24"]
[SourceQuality "1"]

1. Nf3 Nf6 2. c4 c5 3. Nc3 e6 4. g3 b6 5. Bg2 Bb7 6. 0-0 Be7 7. Re1 d5 8. cxd5 Nxd5 9. e4 Nb4 10. d4 cxd4 11. Nxd4 N8c6 12. Nxc6 Qxd1 13. Rxd1 Bxc6 14. Bf4 g5 15. Bd6 Bxd6 16. Rxd6 Ke7 17. e5 Bxg2 18. Kxg2 Rhd8 19. Rad1 Rac8 20. a3 Nc6 21. Rxd8 Rxd8 22. Rxd8 Kxd8 23. f4 gxf4 24. gxf4 Na5 25. Nb5 Kd7 26. h4 Nc4 27. Nxa7 1/2-1/2

[Event "BI-2010-F-00007"]
[Site "LSS email"]
[Date "2011.02.21"]
[Round "?"]
[White "Orsolic, Marijan"]
[Black "Teverovski, Bogoljub"]
[Result "1/2-1/2"]
[WhiteElo "2136"]
[BlackElo "2063"]
[PlyCount "48"]
[EventDate "2011.02.24"]
[EventType "tourn (corr)"]
[EventRounds "10"]
[EventCountry "GER"]
[SourceTitle "Telechess CBM 157"]
[Source "ChessBase"]
[SourceDate "2013.11.12"]
[SourceVersion "1"]
[SourceVersionDate "2013.11.12"]
[SourceQuality "1"]

1. Nf3 c5 2. c4 Nf6 3. Nc3 d5 4. cxd5 Nxd5 5. d4 Nxc3 6. bxc3 g6 7. e4 Bg7 8. Bb5+ Nd7 9. 0-0 0-0 10. a4 Nf6 11. Re1 Bg4 12. Ba3 cxd4 13. cxd4 Rc8 14. h3 Bxf3 15. Qxf3 a6 16. Bf1 Qxd4 17. Bxe7 Rfe8 18. Rad1 Qc3 19. Ba3 Qxf3 20. gxf3 Bf8 21. Bb2 Nh5 22. Rd7 Re7 23. Rxe7 Bxe7 24. Rb1 Rd8 1/2-1/2

[Event "WC-2015-P-00014"]
[Site "LSS email"]
[Date "2011.02.20"]
[Round "?"]
[White "Orsolic, Marijan"]
[Black "Onem, Cem"]
[Result "1/2-1/2"]
[WhiteElo "2118"]
[BlackElo "1915"]
[PlyCount "73"]
[EventDate "2011.02.24"]
[EventType "tourn (corr)"]
[EventRounds "6"]
[EventCountry "GER"]
[SourceTitle "Telechess CBM 155"]
[Source "ChessBase"]
[SourceDate "2013.07.16"]
[SourceVersion "1"]
[SourceVersionDate "2013.07.16"]
[SourceQuality "1"]

1. Nf3 Nf6 2. c4 d6 3. Nc3 e5 4. d4 Nbd7 5. e4 Be7 6. Be2 0-0 7. 0-0 c6 8. Be3 Re8 9. d5 Qc7 10. Nd2 Nf8 11. b4 Ng6 12. Rc1 a5 13. b5 c5 14. Re1 b6 15. Nf1 h6 16. Ng3 Bd7 17. h3 Qc8 18. Kh2 Nh7 19. Bg4 Bxg4 20. Qxg4 Qxg4 21. hxg4 Bg5 22. Nf5 Red8 23. g3 Bxe3 24. Nxe3 Nf6 25. Kg2 Ne7 26. f4 Ng6 27. Kf3 Rd7 28. Rc2 Nh7 29. Rh1 f6 30. Rch2 Kf7 31. Ne2 Re8 32. Nc3 Ra8 33. Na4 Rb8 34. Nb2 Re8 35. Nbd1 Ne7 36. Rh4 Ra7 37. R4h2 1/2-1/2

[Event "CP-2010-P-00053"]
[Site "LSS email"]
[Date "2010.09.28"]
[Round "?"]
[White "Horeczky, Tibor"]
[Black "Orsolic, Marijan"]
[Result "0-1"]
[WhiteElo "1737"]
[BlackElo "2144"]
[PlyCount "58"]
[EventDate "2010.10.01"]
[EventType "tourn (corr)"]
[EventRounds "6"]
[EventCountry "GER"]
[SourceTitle "Telechess CBM 151"]
[Source "ChessBase"]
[SourceDate "2012.11.13"]
[SourceVersion "1"]
[SourceVersionDate "2012.11.13"]
[SourceQuality "1"]

1. e4 c5 2. Nf3 d6 3. d4 cxd4 4. Nxd4 Nf6 5. Nc3 a6 6. Bg5 Nbd7 7. f4 Qc7 8. Qf3 h6 9. Bh4 g5 10. fxg5 hxg5 11. Bxg5 Qc5 12. Be3 Ne5 13. Qe2 Neg4 14. Bg1 Bh6 15. h3 Bf4 16. Ne6 Bg3+ 17. Kd2 Qa5 18. b4 Qe5 19. Nc7+ Kf8 20. Rb1 Bd7 21. Nxa8 Bf4+ 22. Kd3 Nxe4 23. Qxe4 Bf5 24. Bd4 Bxe4+ 25. Nxe4 Qd5 26. hxg4 Rxh1 27. c4 Qe6 28. Nc7 Qxg4 29. Re1 Qf5 0-1

[Event "CP-2010-P-00053"]
[Site "LSS email"]
[Date "2010.09.28"]
[Round "?"]
[White "Orsolic, Marijan"]
[Black "De Paus, Pieter"]
[Result "1-0"]
[WhiteElo "2144"]
[BlackElo "1285"]
[PlyCount "103"]
[EventDate "2010.10.01"]
[EventType "tourn (corr)"]
[EventRounds "6"]
[EventCountry "GER"]
[SourceTitle "Telechess CBM 151"]
[Source "ChessBase"]
[SourceDate "2012.11.13"]
[SourceVersion "1"]
[SourceVersionDate "2012.11.13"]
[SourceQuality "1"]

1. Nf3 d5 2. d4 Nf6 3. c4 e6 4. Nc3 Be7 5. Bg5 0-0 6. e3 h6 7. Bh4 b6 8. Be2 Bb7 9. Bxf6 Bxf6 10. cxd5 exd5 11. 0-0 c5 12. dxc5 bxc5 13. Qb3 Qd7 14. Rfd1 Rd8 15. Bb5 c4 16. Bxc4 dxc4 17. Rxd7 cxb3 18. Rxb7 bxa2 19. Ne4 Nd7 20. g3 Rab8 21. Rxb8 Rxb8 22. Rxa2 Bxb2 23. Rxa7 Ne5 24. Kg2 Nxf3 25. Kxf3 Be5 26. Ra5 f6 27. h4 h5 28. Ke2 Re8 29. Kd3 Rd8+ 30. Kc4 Re8 31. Rd5 Kf7 32. Rd7+ Re7 33. Rd5 Bc7 34. Nc5 g6 35. Na6 Ke6 36. Rb5 Bd6 37. Rb6 Ra7 38. Nc5+ Ke7 39. Rb7+ Rxb7 40. Nxb7 Ba3 41. Nc5 Kd6 42. Nd3 Ke6 43. Nf4+ Kf7 44. Kd5 Bb4 45. e4 Bc3 46. Kc5 Bd2 47. Kd6 Bb4+ 48. Kd7 Bc3 49. Nd3 Bd4 50. f4 g5 51. hxg5 fxg5 52. e5 1-0

[Event "CP-2010-P-00053"]
[Site "LSS email"]
[Date "2010.09.28"]
[Round "?"]
[White "Zimmermann, Matthias"]
[Black "Orsolic, Marijan"]
[Result "0-1"]
[WhiteElo "1004"]
[BlackElo "2144"]
[PlyCount "54"]
[EventDate "2010.10.01"]
[EventType "tourn (corr)"]
[EventRounds "6"]
[EventCountry "GER"]
[SourceTitle "Telechess CBM 151"]
[Source "ChessBase"]
[SourceDate "2012.11.13"]
[SourceVersion "1"]
[SourceVersionDate "2012.11.13"]
[SourceQuality "1"]

1. e4 c5 2. Nf3 d6 3. d4 cxd4 4. Nxd4 Nf6 5. Nc3 a6 6. Be3 e5 7. Nb3 Be6 8. Qd2 Nbd7 9. 0-0-0 Be7 10. f3 h5 11. Kb1 Rc8 12. Nd5 Nxd5 13. exd5 Bf5 14. Bd3 Bxd3 15. Qxd3 Bg5 16. Bf2 0-0 17. h4 Bh6 18. Be3 Bxe3 19. Qxe3 Qc7 20. Qe4 a5 21. g4 Nf6 22. Qf5 a4 23. g5 g6 24. Qxf6 Qxc2+ 25. Ka1 axb3 26. Rc1 Qxc1+ 27. Rxc1 Rxc1# 0-1

[Event "LSS WC-2013-S-00003"]
[Site "LSS email"]
[Date "2010.07.20"]
[Round "?"]
[White "Dibley, Shane"]
[Black "Orsolic, Marijan"]
[Result "0-1"]
[WhiteElo "2296"]
[BlackElo "2144"]
[PlyCount "66"]
[EventDate "2010.07.25"]
[EventType "tourn (corr)"]
[EventRounds "10"]
[EventCountry "GER"]
[SourceTitle "Telechess CBM 149"]
[Source "ChessBase"]
[SourceDate "2012.07.17"]
[SourceVersion "1"]
[SourceVersionDate "2012.07.17"]
[SourceQuality "1"]

1. d4 d6 2. c4 e5 3. Nf3 e4 4. Ng5 f5 5. Nc3 c6 6. Nh3 Na6 7. Qb3 Qb6 8. e3 Qxb3 9. axb3 Be7 10. Bd2 Nf6 11. Be2 0-0 12. 0-0 Bd7 13. Rfc1 g6 14. Ra5 Bd8 15. Ra2 Nc7 16. Be1 a6 17. Rd1 Rb8 18. f3 exf3 19. Bxf3 Ng4 20. Bxg4 fxg4 21. Nf4 Bf5 22. e4 Bxe4 23. Nxe4 Rxf4 24. Nxd6 Be7 25. g3 Rf3 26. Ne4 Rbf8 27. Bc3 Re3 28. Nf2 h5 29. Raa1 Ne6 30. Re1 Rff3 31. Rxe3 Rxe3 32. Re1 Rxe1+ 33. Bxe1 Nxd4 0-1

[Event "LSS SA-2010-0-00139"]
[Site "LSS email"]
[Date "2010.07.08"]
[Round "?"]
[White "Bilsel, Sabahaddin"]
[Black "Orsolic, Marijan"]
[Result "1/2-1/2"]
[WhiteElo "1929"]
[BlackElo "2084"]
[PlyCount "78"]
[EventDate "2010.06.06"]
[EventType "tourn (corr)"]
[EventRounds "6"]
[EventCountry "GER"]
[SourceTitle "Telechess CBM 151"]
[Source "ChessBase"]
[SourceDate "2012.11.13"]
[SourceVersion "1"]
[SourceVersionDate "2012.11.13"]
[SourceQuality "1"]

1. d4 d6 2. c4 e5 3. Nf3 e4 4. Ng5 f5 5. Nc3 c6 6. Nh3 Na6 7. f3 Nf6 8. Bg5 Be7 9. e3 0-0 10. Nf4 exf3 11. gxf3 h6 12. Bxf6 Bxf6 13. Qd2 Bh4+ 14. Kd1 Bg5 15. Rg1 Qe7 16. a3 Bd7 17. Kc2 Rfe8 18. Nd1 Bxf4 19. exf4 Nc7 20. Nc3 Kh7 21. Rc1 Qe3 22. Qxe3 Rxe3 23. Rg3 g6 24. Bd3 Re7 25. d5 cxd5 26. cxd5 Ne8 27. Kd2 Nf6 28. Rgg1 a6 29. Rge1 Rae8 30. Rxe7+ Rxe7 31. b4 Be8 32. Re1 Rxe1 33. Kxe1 Nh5 34. Ne2 Nf6 35. Nc3 Nh5 36. Ne2 Kg7 37. Kd2 Bf7 38. Bc4 Be8 39. Bd3 Bf7 1/2-1/2

[Event "LSS SA-2010-0-00137"]
[Site "LSS email"]
[Date "2010.06.23"]
[Round "?"]
[White "Herzog, Klaus"]
[Black "Orsolic, Marijan"]
[Result "1/2-1/2"]
[WhiteElo "1775"]
[BlackElo "2109"]
[PlyCount "29"]
[EventDate "2010.05.30"]
[EventType "tourn (corr)"]
[EventRounds "6"]
[EventCountry "GER"]
[SourceTitle "Corr 2013"]
[Source "ChessBase"]
[SourceDate "2012.11.12"]
[SourceVersion "1"]
[SourceVersionDate "2012.11.12"]
[SourceQuality "1"]

1. d4 d6 2. e4 Nf6 3. Nc3 e5 4. dxe5 dxe5 5. Qxd8+ Kxd8 6. Bc4 Ke8 7. f3 c6 8. Nge2 Nbd7 9. a4 a5 10. Be3 Bc5 11. Bf2 Bxf2+ 12. Kxf2 Ke7 13. Rhd1 Nb6 14. Ba2 Nfd7 15. Nc1 1/2-1/2